<?xml version="1.0" encoding="UTF-8"?>
<collection xmlns:xsi="http://www.w3.org/2001/XMLSchema-instance" xsi:schemaLocation="http://www.loc.gov/MARC21/slim http://www.loc.gov/standards/marcxml/schema/MARC21slim.xsd" xmlns="http://www.loc.gov/MARC21/slim">
 <record>
  <leader>00000cmm a22000004i 4500</leader>
  <controlfield tag="001">UP-99796217613925222</controlfield>
  <controlfield tag="003">Buklod</controlfield>
  <controlfield tag="005">20230512145236.0</controlfield>
  <controlfield tag="006">a     r    |||| u|</controlfield>
  <controlfield tag="007">cr |||||||||||</controlfield>
  <controlfield tag="008">230512s2021    xx     do  u        eng  </controlfield>
  <datafield tag="020" ind1=" " ind2=" ">
   <subfield code="a">9781774078419 (ebook)</subfield>
  </datafield>
  <datafield tag="035" ind1=" " ind2=" ">
   <subfield code="a">(iLib)UPD-00533072542</subfield>
  </datafield>
  <datafield tag="040" ind1=" " ind2=" ">
   <subfield code="a">DAIT</subfield>
   <subfield code="e">rda</subfield>
  </datafield>
  <datafield tag="041" ind1=" " ind2=" ">
   <subfield code="a">eng</subfield>
  </datafield>
  <datafield tag="042" ind1=" " ind2=" ">
   <subfield code="a">DMLUC</subfield>
  </datafield>
  <datafield tag="084" ind1=" " ind2=" ">
   <subfield code="a">G 155 A1 </subfield>
   <subfield code="b">K35 2021eb</subfield>
  </datafield>
  <datafield tag="100" ind1="1" ind2=" ">
   <subfield code="a">Kalacas, Maria Rellie B.</subfield>
   <subfield code="e">author.</subfield>
  </datafield>
  <datafield tag="245" ind1="1" ind2="0">
   <subfield code="a">Capacity Building in the Tourism Sector</subfield>
   <subfield code="b">a few lessons for government</subfield>
   <subfield code="c">Maria Rellie B. Kalacas.</subfield>
  </datafield>
  <datafield tag="264" ind1=" " ind2="1">
   <subfield code="a">Ashland</subfield>
   <subfield code="b">Society Publishing</subfield>
   <subfield code="c">2021.</subfield>
  </datafield>
  <datafield tag="300" ind1=" " ind2=" ">
   <subfield code="a">1 online resource (269 pages)</subfield>
  </datafield>
  <datafield tag="336" ind1=" " ind2=" ">
   <subfield code="a">text</subfield>
   <subfield code="2">rdacontent</subfield>
  </datafield>
  <datafield tag="337" ind1=" " ind2=" ">
   <subfield code="a">computer</subfield>
   <subfield code="2">rdamedia</subfield>
  </datafield>
  <datafield tag="338" ind1=" " ind2=" ">
   <subfield code="a">other (Electronic resource)</subfield>
   <subfield code="2">rdacarrier</subfield>
  </datafield>
  <datafield tag="505" ind1="0" ind2="0">
   <subfield code="a">Chapter 1 Introduction to Tourism -- 1.1. Introduction -- 1.2. Tourism -- 1.3. Types of Tourism -- 1.4. Global Overview -- 1.5. Economic Impacts of Tourism -- 1.6. Socio-Cultural Impacts of Tourism -- 1.7. Environmental Impact of Tourism -- 1.8. Sustainable Tourism -- 1.9. Conclusion -- Reference -- Chapter 2 An Outline On Capacity Building -- 2.1. Introduction -- 2.2. Historical Perspective -- 2.3. Conceptual Framework Underpinning Capacity Building -- 2.4. How Capacity Building or Development Is Understood In The United Nations Development System -- 2.5. Investing In Future Strength And Capability -- 2.6. The Five Steps of The Capacity Development Cycle -- 2.7. Key Recommendations To Help Build Capacity In Organizations -- 2.8. Importance of Capacity Building To Future Success -- 2.9. Challenges With Capacity Building -- 2.10. Conclusion -- References -- Chapter 3 Relevance of Capacity Building In Tourism Sector -- 3.1. Introduction -- 3.2. Capacity Building And Different Dimensions Of Community -- 3.3. Distribution Of Power In A Community -- 3.4. Community Capacity Building (CCB) For Sustainable Tourism Development -- 3.5. Community Capacity Building (CCB) Through Tourism In Developing Countries -- 3.6. Factors Affecting The Involvement Of Capacity Building In Tourism Activities -- 3.7. Tourism For Capacity Building -- 3.8. Conclusion -- References -- Chapter 4 Community Capacity Building -- 4.1. Introduction -- 4.2. Fundamental Characteristics Of Community Capacity -- 4.3. How Is Community Capacity Built? -- 4.4. Principle Of Community Capacity Building (CCB) -- 4.5. Philosophical Context For Community Capacity Building (CCB) -- 4.6. Implementing Community Capacity Building (CCB) --  4.7. Measuring Community Capacity Building (CCB): A Basic Vocabulary -- 4.8. Importance Of Community Capacity Building (CCB) -- 4.9. Conflict Resolution Capacity -- 4.10. Critique Of Community Capacity Building (CCB) -- 4.11. Conclusion -- References -- Chapter 5 Methods Of Capacity Building In Tourism Industry -- 5.1. Introduction -- 5.2. Emerging Areas Of Tourism-Need For New Skills -- 5.3. Challenges That Affect The Development Of Tourism -- 5.4. Importance And Need For Community Capacity Building (CCB) -- 5.5. Steps In Capacity Building -- 5.6. Manpower Management In Tourism And Capacity Building -- 5.7. Methods Of Capacity Building In Tourism -- 5.8. Tourism Training Strategy -- 5.9. Important Aspects Of Tourism Training Strategy -- 5.10. Enhancing Skills To Increase Employability -- 5.11. Levels Of Training -- 5.12. Conclusion -- References -- Chapter 6 Challenges Of Capacity Building In Tourism Industry -- 6.1. Capacity Building In Tourism And Its Challenges -- 6.2. Problems In Capacity Building Of Sustainable Tourism Development -- 6.3. The Growth Paradox: Can Tourism Ever Be Sustainable?</subfield>
  </datafield>
  <datafield tag="506" ind1=" " ind2=" ">
   <subfield code="a">Access restricted to UP AIT staff and students and to one user at any one time. Requires EBSCOhost username and password to login on and off-campus.</subfield>
  </datafield>
  <datafield tag="520" ind1="2" ind2=" ">
   <subfield code="a">&quot;The book Capacity Building in the Tourism Sector: A Few Lessons for Government emphasizes on the role of governments around the world in improving the conditions and environment for tourism. It emphasizes on the need for skilling up the local people, building proper infrastructure, providing primary and basic education to the locals, enhancing the trade market and local craftsmen and maintenance of the tourist spots and various other things that aim at capacity building for tourism. It explains the manner in which each of these things can enhance the tourism sector and help in reaping better returns.&quot;</subfield>
  </datafield>
  <datafield tag="650" ind1=" " ind2="0">
   <subfield code="a">Tourism policy.</subfield>
  </datafield>
  <datafield tag="650" ind1=" " ind2="0">
   <subfield code="a">Tourism development.</subfield>
  </datafield>
  <datafield tag="650" ind1=" " ind2="0">
   <subfield code="a">Community-based tourism.</subfield>
  </datafield>
  <datafield tag="842" ind1=" " ind2=" ">
   <subfield code="a">Electronic Resource</subfield>
  </datafield>
  <datafield tag="856" ind1="4" ind2="0">
   <subfield code="u">http://search.ebscohost.com/login.aspx?direct=true&amp;scope=site&amp;db=nlebk&amp;db=nlabk&amp;AN=2725373</subfield>
   <subfield code="y">View full text e-book at EBSCOhost</subfield>
  </datafield>
  <datafield tag="905" ind1=" " ind2=" ">
   <subfield code="a">FO</subfield>
  </datafield>
  <datafield tag="852" ind1="0" ind2=" ">
   <subfield code="a">UPD</subfield>
   <subfield code="b">DAIT</subfield>
   <subfield code="h">G 155 A1</subfield>
   <subfield code="i">K35 2021EB</subfield>
  </datafield>
  <datafield tag="942" ind1=" " ind2=" ">
   <subfield code="a">Electronic Resource</subfield>
  </datafield>
 </record>
</collection>
